[Event "Usti nad Labem Chlumecky Rapid op"]
[Site "Usti nad Labem"]
[Date "2024.05.04"]
[Round "7"]
[White "Picek, Miroslav"]
[Black "Weiss, Petr"]
[Result "1-0"]
[WhiteElo "1898"]
[BlackElo "1749"]
[PlyCount "65"]
[EventDate "2024.05.04"]
[EventType "swiss (rapid)"]
[EventRounds "9"]
[EventCountry "CZE"]
[SourceTitle "CB20_2024"]
[SourceDate "2024.05.16"]
[SourceVersion "1"]
[SourceVersionDate "2024.05.16"]
[SourceQuality "1"]

1. e4 c5 2. Nf3 a6 3. c3 b5 4. d4 c4 5. a4 Bb7 6. axb5 axb5 7. Rxa8 Bxa8 8. e5 d5 9. exd6 Qxd6 10. Be3 e6 11. Be2 Nf6 12. 0-0 Ng4 13. h3 Nxe3 14. fxe3 Be7 15. Ne5 Bf6 16. Ng4 Bg5 17. Bf3 Nc6 18. e4 0-0 19. e5 Qe7 20. Nd2 h5 21. Nf2 g6 22. Nde4 f5 23. exf6 Bxf6 24. Nxf6+ Rxf6 25. Ne4 Rf8 26. Qd2 Kg7 27. Qe3 Na5 28. Nc5 Re8 29. Bxa8 Rxa8 30. Nxe6+ Kg8 31. Qe4 Re8 32. Qxg6+ Kh8 33. Rf7 1-0

[Event "Pardubice Czech op-C 32nd"]
[Site "Pardubice"]
[Date "2021.07.31"]
[Round "9"]
[White "Weiss, Petr"]
[Black "Beyer, Lorenz"]
[Result "0-1"]
[WhiteElo "1612"]
[BlackElo "1362"]
[PlyCount "62"]
[EventDate "2021.07.24"]
[EventType "swiss"]
[EventRounds "9"]
[EventCountry "CZE"]
[SourceTitle "EXT 2022"]
[Source "ChessBase"]
[SourceDate "2021.10.06"]
[SourceVersion "1"]
[SourceVersionDate "2021.10.06"]
[SourceQuality "1"]

1. e4 e6 2. f4 d5 3. e5 c5 4. d4 Nc6 5. c3 Qb6 6. Nf3 Bd7 7. b3 cxd4 8. Nxd4 Nxd4 9. Qxd4 Bc5 10. Qd2 d4 11. Bc4 Nh6 12. a4 a5 13. Ba3 dxc3 14. Nxc3 Be3 15. Qe2 Nf5 16. Nb5 0-0-0 17. Nd6+ Nxd6 18. Bxd6 Bxf4 19. Rf1 Bh6 20. Rd1 Be8 21. Rd3 g6 22. Rc3 Rxd6 23. exd6 Qxd6 24. Bxe6+ Kb8 25. Rc8+ Ka7 26. Qf2+ b6 27. Bc4 Qd7 28. Qb2 Rf8 29. Rf2 Qxc8 30. Re2 Bd7 31. Kf1 Be6 0-1

[Event "Brno op 1st"]
[Site "Brno"]
[Date "2010.11.20"]
[Round "9"]
[White "Simkin, Alexander"]
[Black "Weiss, Petr"]
[Result "1-0"]
[WhiteElo "1925"]
[BlackElo "1845"]
[PlyCount "90"]
[EventDate "2010.11.14"]
[EventType "swiss"]
[EventRounds "9"]
[EventCountry "CZE"]
[SourceTitle "EXT 2011"]
[Source "ChessBase"]
[SourceDate "2010.11.26"]
[SourceVersion "1"]
[SourceVersionDate "2010.11.26"]
[SourceQuality "1"]

1. e4 c5 2. Nf3 d6 3. d4 cxd4 4. Nxd4 Nf6 5. Nc3 g6 6. Be3 Bg7 7. Qd2 Nc6 8. f3 a6 9. 0-0-0 b5 10. Nxc6 Qc7 11. Nb4 0-0 12. Nbd5 Nxd5 13. Nxd5 Qb7 14. Bh6 Bxh6 15. Qxh6 Be6 16. h4 f6 17. h5 g5 18. f4 Bxd5 19. Rxd5 Qb6 20. Rd2 Qe3 21. fxg5 Ra7 22. Rh3 Qxg5 23. Qxg5+ fxg5 24. Rf3 Rc7 25. Rxf8+ Kxf8 26. Rd5 h6 27. g3 Rc6 28. Bh3 Kf7 29. Rf5+ Kg7 30. Rf3 Rc4 31. Bf5 Kf6 32. Bg6+ Ke5 33. c3 e6 34. Rf8 d5 35. exd5 Kxd5 36. Rf3 b4 37. Kd2 bxc3+ 38. bxc3 Ra4 39. Bb1 e5 40. Rd3+ Ke6 41. Ke3 a5 42. Bc2 Ra3 43. Bb3+ Kf5 44. Kd2 Kg4 45. c4 a4 1-0

[Event "Brno op 1st"]
[Site "Brno"]
[Date "2010.11.18"]
[Round "7"]
[White "Ziabari, Morteza"]
[Black "Weiss, Petr"]
[Result "0-1"]
[WhiteElo "1935"]
[BlackElo "1845"]
[PlyCount "78"]
[EventDate "2010.11.14"]
[EventType "swiss"]
[EventRounds "9"]
[EventCountry "CZE"]
[SourceTitle "EXT 2011"]
[Source "ChessBase"]
[SourceDate "2010.11.26"]
[SourceVersion "1"]
[SourceVersionDate "2010.11.26"]
[SourceQuality "1"]

1. e4 c5 2. Nc3 d6 3. f4 Nc6 4. Nf3 Nf6 5. Bb5 Bd7 6. 0-0 g6 7. h3 Bg7 8. e5 dxe5 9. fxe5 Nh5 10. Bxc6 Bxc6 11. e6 0-0 12. d4 Ng3 13. Re1 cxd4 14. Bf4 dxc3 15. Bxg3 cxb2 16. Rb1 Qxd1 17. Rexd1 Bxf3 18. gxf3 fxe6 19. Kg2 Rac8 20. Rd2 Rc4 21. Re2 Rfc8 22. Be5 Bxe5 23. Rxe5 Rxc2+ 24. Kg3 R8c6 25. Rb5 Rb6 26. Rxb6 axb6 27. Kf4 Re2 28. h4 Kg7 29. Kg4 h5+ 30. Kg3 e5 31. Kh3 Kf6 32. Kg3 Kf5 33. Rf1 Rc2 34. Rb1 e6 35. a4 g5 36. hxg5 Kxg5 37. Kh3 Kf4 38. a5 bxa5 39. Ra1 bxa1Q 0-1

[Event "Brno op 1st"]
[Site "Brno"]
[Date "2010.11.17"]
[Round "5"]
[White "Sladek, Vladislav"]
[Black "Weiss, Petr"]
[Result "1/2-1/2"]
[WhiteElo "2030"]
[BlackElo "1845"]
[PlyCount "137"]
[EventDate "2010.11.14"]
[EventType "swiss"]
[EventRounds "9"]
[EventCountry "CZE"]
[SourceTitle "EXT 2011"]
[Source "ChessBase"]
[SourceDate "2010.11.26"]
[SourceVersion "1"]
[SourceVersionDate "2010.11.26"]
[SourceQuality "1"]

1. e4 c5 2. d4 cxd4 3. c3 g6 4. Nf3 d6 5. cxd4 Bg7 6. Nc3 Nf6 7. h3 a6 8. a4 0-0 9. Be3 Nbd7 10. Be2 b6 11. 0-0 Bb7 12. Qd3 Re8 13. b4 d5 14. e5 Ne4 15. Rfc1 f6 16. Bf4 Nf8 17. a5 Ne6 18. Be3 Nxc3 19. Rxc3 b5 20. Rac1 Qd7 21. exf6 exf6 22. Ne1 Rac8 23. Bf3 f5 24. Qd2 Rxc3 25. Qxc3 Rc8 26. Qd2 Rxc1 27. Qxc1 Bxd4 28. Nd3 Bxe3 29. Qxe3 d4 30. Qe2 Bxf3 31. Qxf3 Qc8 32. Qd5 Kg7 33. h4 Qc4 34. Qe5+ Kf7 35. Qg3 Kf6 36. h5 g5 37. Qe5+ Ke7 38. Qxf5 h6 39. Qe4 Qc2 40. f3 Qd1+ 41. Kf2 Qd2+ 42. Qe2 Qxe2+ 43. Kxe2 Kd6 44. g3 Ng7 45. g4 Ne6 46. Nf2 Kd5 47. Kd3 Nf4+ 48. Kd2 Kc4 49. Kc2 Ne6 50. Nd3 Nc7 51. f4 Nd5 52. Ne5+ Kxb4 53. fxg5 hxg5 54. h6 Nf6 55. Kd3 Kxa5 56. Kxd4 Kb4 57. Nd3+ Ka5 58. Kc3 Kb6 59. Ne5 Nh7 60. Nf3 Kc5 61. Kb3 a5 62. Ne5 Kd6 63. Nd3 Kd5 64. Kc3 b4+ 65. Kb3 Kd4 66. Nc1 Kc5 67. Ka4 Kc4 68. Nb3 Kd5 69. Kxa5 1/2-1/2